Score 0/10 Timer 01:30
0 Plays Today
% Correct
chutzpah
84.9%
schlep
80.8%
kitsch
80.3%
mensch
80.1%
schtick
77.8%
schmooze
75.6%
bupkis
74.2%
kvetch
72.6%
spiel
71.7%
plotz
63.3%

Today's Daily Dose

Remove Ads.
Support Sporcle.
Get the best of Sporcle when you Go Orange. This ad-free experience offers more features, more stats, and more fun while also helping to support Sporcle. Thank you for becoming a member.

You're not logged in!

Compare scores with friends on all Sporcle quizzes.
OR
Log In

Show Comments

Extras

Top Quizzes Today


Score Distribution

Your Account Isn't Verified!

In order to create a playlist on Sporcle, you need to verify the email address you used during registration. Go to your Sporcle Settings to finish the process.

Report this User

Report this user for behavior that violates our Community Guidelines.

Details: